Extrakcia pesticídov z environmentálnych vzoriek pomocou ASE-DLLME a štúdium matricových efektov
Gespeichert in:
| 1. Verfasser: | |
|---|---|
| Weitere Verfasser: | |
| Format: | Manuskript Buch |
| Sprache: | Slowakisch |
| Veröffentlicht: |
2024
|
| Schlagworte: | |
| Online-Zugang: | http://is.stuba.sk/zp/portal_zp.pl?podrobnosti=171543 |
| Tags: |
Keine Tags, Fügen Sie das erste Tag hinzu!
|
MARC
| LEADER | 00000ntm a22000003a 4500 | ||
|---|---|---|---|
| 001 | stuzp99369 | ||
| 003 | SK-STU | ||
| 005 | 20240622210910.9 | ||
| 007 | ta | ||
| 008 | 150427s2015----xo-----f-mn---000-0-slo-d | ||
| 040 | |a STU |b slo | ||
| 041 | 0 | |a slo | |
| 100 | 1 | |a Raganová, Janka |u 041000 |4 aut |U FCHPT Fakulta chemickej a potravinárskej technológie |T FCHPT Ústav analytickej chémie |X 117266 |U C1000 |Y 99 |7 117266 | |
| 242 | 0 | 1 | |a Extraction of pesticides from environmental samples by ASE-DLLME and study of matrix effects |y eng |
| 245 | 1 | 0 | |a Extrakcia pesticídov z environmentálnych vzoriek pomocou ASE-DLLME a štúdium matricových efektov |
| 260 | |c 2024 | ||
| 650 | 4 | |a matricové efekty |2 slo | |
| 650 | 4 | |a GC-MS |2 slo | |
| 650 | 4 | |a pesticídy |2 slo | |
| 650 | 4 | |a pôda |2 slo | |
| 650 | 4 | |a ASE-DLLME |2 slo | |
| 650 | 4 | |a matrix effects |2 eng | |
| 650 | 4 | |a pesticides |2 eng | |
| 650 | 4 | |a soil |2 eng | |
| 650 | 4 | |a GC-MS |2 eng | |
| 650 | 4 | |a ASE-DLLME |2 eng | |
| 700 | 1 | |a Szarka, Agneša |u 041000 |k Z2 |4 ths |U FCHPT Fakulta chemickej a potravinárskej technológie |T FCHPT Ústav analytickej chémie |X 40268 |U C1000 |Y 99 |7 A000040268 | |
| 856 | 4 | |u http://is.stuba.sk/zp/portal_zp.pl?podrobnosti=171543 | |